Tulanamulak sarkar aru rajnitir parichay/ (Record no. 11074)
[ view plain ]
| 000 -LEADER | |
|---|---|
| fixed length control field | 00614nam a22002177a 4500 |
| 005 - DATE AND TIME OF LATEST TRANSACTION | |
| control field | 20260515114853.0 |
| 008 - FIXED-LENGTH DATA ELEMENTS--GENERAL INFORMATION | |
| fixed length control field | 201125b ||||| |||| 00| 0 eng d |
| 020 ## - INTERNATIONAL STANDARD BOOK NUMBER | |
| International Standard Book Number | 9789381784389 |
| 040 ## - CATALOGING SOURCE | |
| Original cataloging agency | IN-DiNC |
| Transcribing agency | IN-DiNC |
| 041 ## - LANGUAGE CODE | |
| Language code of sung or spoken text | asm |
| 082 ## - DEWEY DECIMAL CLASSIFICATION NUMBER | |
| Classification number | 320.3 |
| 100 ## - MAIN ENTRY--PERSONAL NAME | |
| Personal name | Gohain, Nabin |
| Relator term | author |
| 245 ## - TITLE STATEMENT | |
| Title | Tulanamulak sarkar aru rajnitir parichay/ |
| Statement of responsibility, etc. | by Nabin Gohain and Pankaj Bora |
| 250 ## - EDITION STATEMENT | |
| Edition statement | 7th rev. ed. |
| 260 ## - PUBLICATION, DISTRIBUTION, ETC. | |
| Place of publication, distribution, etc. | Jorhat: |
| Name of publisher, distributor, etc. | Bidya bhawan, |
| Date of publication, distribution, etc. | 2020 |
| 300 ## - PHYSICAL DESCRIPTION | |
| Extent | 436p. |
| 650 ## - SUBJECT ADDED ENTRY--TOPICAL TERM | |
| Topical term or geographic name entry element | Political science |
| 650 ## - SUBJECT ADDED ENTRY--TOPICAL TERM | |
| Topical term or geographic name entry element | Comparative government and politics |
| 700 ## - ADDED ENTRY--PERSONAL NAME | |
| Personal name | Bora, Pankaj |
| Relator term | author |
| 942 ## - ADDED ENTRY ELEMENTS (KOHA) | |
| Source of classification or shelving scheme | Dewey Decimal Classification |
| Koha item type | Books |
| Withdrawn status | Lost status | Source of classification or shelving scheme | Damaged status | Not for loan | Collection | Home library | Current library | Shelving location | Date acquired | Cost, normal purchase price | Total checkouts | Full call number | Barcode | Date last seen | Date last checked out | Copy number | Price effective from | Koha item type |
|---|---|---|---|---|---|---|---|---|---|---|---|---|---|---|---|---|---|---|
| Dewey Decimal Classification | Naharkatiya College Library | Naharkatiya College Library | General stacks | 11/25/2020 | 300.00 | 37 | 320.3 | 28455 | 03/11/2026 | 03/11/2026 | 1 | 11/25/2020 | Books | |||||
| Dewey Decimal Classification | Naharkatiya College Library | Naharkatiya College Library | General stacks | 11/25/2020 | 300.00 | 35 | 320.3 | 28456 | 02/16/2026 | 01/29/2026 | 2 | 11/25/2020 | Books | |||||
| Dewey Decimal Classification | Naharkatiya College Library | Naharkatiya College Library | General stacks | 11/25/2020 | 300.00 | 45 | 320.3 | 28457 | 04/17/2026 | 04/17/2026 | 3 | 11/25/2020 | Books | |||||
| Dewey Decimal Classification | Naharkatiya College Library | Naharkatiya College Library | General stacks | 11/25/2020 | 300.00 | 47 | 320.3 | 28458 | 04/27/2026 | 04/27/2026 | 4 | 11/25/2020 | Books | |||||
| Dewey Decimal Classification | Naharkatiya College Library | Naharkatiya College Library | General stacks | 11/25/2020 | 300.00 | 39 | 320.3 | 28459 | 02/09/2026 | 02/09/2026 | 5 | 11/25/2020 | Books |